| 000 | 00998nam a22003377a 4500 | ||
|---|---|---|---|
| 001 | BR9501172 | ||
| 003 | BR-BrBNA | ||
| 005 | 20230928094603.0 | ||
| 007 | ta | ||
| 008 | 230509b bl.||||| |||| 00| 0 por d | ||
| 040 |
_aBR-BrBNA _bpor _cBiblioteca Nacional de Agricultura |
||
| 041 | _a(Por) | ||
| 072 | _aP31; P10 | ||
| 090 | _ P31 BR9501172 | ||
| 100 | 1 | _aPanichi, J. de A.V. | |
| 100 | 1 | _aBacic, I.L.Z. | |
| 100 | 1 | _aLaus Neto, J.A. | |
| 100 | 1 | _aChanin, Y.M.A. | |
| 100 | 1 | _aSeiffert, N.F. | |
| 100 | 1 | _aVieira, H.J. | |
| 110 | 1 | _aEmpresa de Pesquisa Agropecuaria e Difusao de Tecnologia de Santa Catarina, Florianopolis (Brasil) | |
| 245 | 1 | _aMetodologia para o inventario das terras em microbacias hidrograficas | |
| 260 | 3 |
_aFlorianopolis, SC (Brasil): _c1994. |
|
| 300 | _a50 p. | ||
| 500 | _a24 ref.; 9 illus. | ||
| 650 | _aBacia Hidrografica | ||
| 650 | _aInventario | ||
| 650 | _aReconhecimento do Solo | ||
| 909 |
_a202309 _bLucia _c55 _dLucia Elande |
||
| 942 | _cBK | ||
| 999 |
_c51505 _d51505 |
||